| 000 | 00966nac a22002651u 4500 | ||
|---|---|---|---|
| 010 | _a 2007927195 | ||
| 020 | _a9780618794195 (student ed.) | ||
| 020 | _a0618794190 (student ed.) | ||
| 020 | _a9780618833580 (exam copy) | ||
| 020 | _a0618833587 (exam copy) | ||
| 082 |
_a658.3 _bDEN |
||
| 090 |
_c8856 _d8856 |
||
| 100 | _aDeNisi, Angelo. | ||
| 245 | 1 | 0 |
_aHuman resource management / _cAngelo W. DeNisi, Ricky W. Griffin. |
| 250 | _aEd. 3. | ||
| 260 |
_aBoston : _bHoughton Mifflin Co.,c2008. _cc2008. |
||
| 300 |
_axxvi, 550 p. : _bill. (some col.) ; _c27 cm. |
||
| 500 | _aDistributer: Baccah. | ||
| 504 | _aIncludes bibliographical references (p. 506-523) and indexes. | ||
| 511 | _aCatalogued By: Mahitab. | ||
| 650 | 0 | _aPersonnel management. | |
| 700 | 1 | _aGriffin, Ricky W. | |
| 942 |
_cBB _k658.3DEN |
||
| 999 |
_c8856 _d8856 |
||